The nobel memorail laureates in economics (Registro nro. 6081)

Detalles MARC
000 -LEADER
fixed length control field 02097 a2200229 4500
001 - CONTROL NUMBER
control field 56993
005 - DATE AND TIME OF LATEST TRANSACTION
control field 20260407155832.0
008 - FIXED-LENGTH DATA ELEMENTS--GENERAL INFORMATION
fixed length control field 260407a2005 arg spa d
003 - CONTROL NUMBER IDENTIFIER
control field AR-UNSa-BCEJYS
040 ## - CATALOGING SOURCE
Original cataloging agency AR-UNSa-BCEJYS
Language of cataloging spa
Transcribing agency AR-UNSa-BCEJYS
080 ## - UNIVERSAL DECIMAL CLASSIFICATION NUMBER
Universal Decimal Classification number 929:330
Common auxiliary subdivision Biografía de Economistas
020 ## - INTERNATIONAL STANDARD BOOK NUMBER
International Standard Book Number 1-84376-600-0
100 1# - MAIN ENTRY--PERSONAL NAME
Personal name Vane, Howard R.
245 10 - TITLE STATEMENT
Title The nobel memorail laureates in economics
Name of part/section of a work an introduction to their careers and main published works
264 #1 - PRODUCTION, PUBLICATION, DISTRIBUTION, MANUFACTURE, AND COPYRIGHT NOTICE
Place of production, publication, distribution, manufacture Massachusetts :
Name of producer, publisher, distributor, manufacturer Edward Elgar
Date of production, publication, distribution, manufacture, or copyright notice 2005
300 ## - PHYSICAL DESCRIPTION
Extent 362 p.
Dimensions 26 cm.
505 ## - FORMATTED CONTENTS NOTE
Formatted contents note 1. 1969 Ragnar Frisch - Jan Tinbergen – 2. 1970 Paul Samuelson – 3. 1971 Simon Kuznets – 4. John Hicks - Kenneth Arrow – 5. 1973 Wassily Leontief – 6. 1974 Gunnar Myrdal - Friedrich von Hayek – 7. 1975 Leonid Kantorovich - Tjalling Koopmans – 8. 1976 Milton Friedman – 9. 1977 Bertil Ohlin - James Meade – 10. 1978 Herbert A. Simon – 11. 1979 Theodore Schultz - Arthur Lewis – 12. 1980 Lawrence Klein – 13. 1981 James Tobin – 14. 1982 George Stigler – 15. 1983 Gérard Debreu – 16. 1984 Richard Stone – 17. 1985 Franco Modigliani – 18. 1986 James M. Buchanan – 19. 1987 Robert Solow – 20. 1988 Maurice Allais – 21. 1989 Trygve Haavelmo – 22. 1990 Harry Markowitz - Merton Miller - William F. Sharpe – 23. 1991 Ronald Coase – 24. 1992 Gary Becker – 25. 1993 Robert Fogel - Douglass North – 26. 1994 John Harsanyi - John Forbes Nash Jr. - Reinhard Selten – 27. 1995 Robert Lucas, Jr. – 28. 1996 James Mirrlees - William Vickrey – 29. 1997 Robert C. Merton - Myron Scholes – 30. 1998 Amartya Sen – 31. 1999 Robert Mundell – 32. 2000 James Heckman - Daniel McFadden – 33. 2001 George Akerlof - Michael Spence - Joseph Stiglitzn – 34. 2002 Daniel Kahneman - Vernon L. Smith – 35. 2003 Robert F. Engle - Clive Granger – 36. 2004 Finn E. Kydland - Edward C. Prescott
590 ## - LOCAL NOTE (RLIN)
Local note niveau_biblio:m niveau_hierar:0
700 1# - ADDED ENTRY--PERSONAL NAME
Personal name Mulhearn, Chris
856 41 - ELECTRONIC LOCATION AND ACCESS
Uniform Resource Identifier <a href="https://biblioeco.unsa.edu.ar/pmb/images/libros/L128633.jpg">https://biblioeco.unsa.edu.ar/pmb/images/libros/L128633.jpg</a>
Link text Imagen de portada
Electronic format type image/jpeg
942 ## - ADDED ENTRY ELEMENTS (KOHA)
Koha item type
Existencias
Withdrawn status Lost status Damaged status Not for loan Home library Current library Shelving location Date acquired Total checkouts Full call number Barcode Date last seen Price effective from Koha item type
        Biblioteca Prof. Eusebio Cleto del Rey Biblioteca Prof. Eusebio Cleto del Rey   07/04/2026   929:330 V249 L128633 07/04/2026 07/04/2026 Libro